000
00309nam a2200109Ia 4500
008
200302s9999 xx 000 0 und d
100
_a
James Acret
245
_a
Architects and Engineers Their professional Responsibilities
260
_b
Mcgraw- hill International Book co.,
260
_c
1977
300
_a
449 P.,
999
_c
1523
_d
1523